ما الذي يمكن للتكتلات الإقتصادية أن تحققه لدول الإسكو في ظل الإتفاقات التجارة الجديدة : (رقم التسجيلة. 66773)

تفاصيل مارك
000 -LEADER
fixed length control field 00781nam a22001937a 4500
005 - DATE AND TIME OF LATEST TRANSACTION
control field 20251108171943.0
008 - FIXED-LENGTH DATA ELEMENTS--GENERAL INFORMATION
fixed length control field 250721s2001 xx 000 0 ara d
082 14 - DEWEY DECIMAL CLASSIFICATION NUMBER
Classification number 382.92/مؤت
100 1# - MAIN ENTRY--PERSONAL NAME
Personal name كاسي، أدوين كوافي
111 2# - MAIN ENTRY--MEETING NAME
Meeting name or jurisdiction name as entry element المؤتمر الوزاري لمنظمة التجارة العالمية (4 : الدوحة : 2001)
245 10 - TITLE STATEMENT
Title ما الذي يمكن للتكتلات الإقتصادية أن تحققه لدول الإسكو في ظل الإتفاقات التجارة الجديدة :
Remainder of title أوراق موجزة /
264 1# - PRODUCTION, PUBLICATION, DISTRIBUTION, MANUFACTURE, AND COPYRIGHT NOTICE
Place of production, publication, distribution, manufacture نيويورك :
Name of producer, publisher, distributor, manufacturer الأمم المتحدة،
Date of production, publication, distribution, manufacture, or copyright notice 2001.
300 ## - PHYSICAL DESCRIPTION
Extent ج
650 17 - SUBJECT ADDED ENTRY--TOPICAL TERM
Topical term or geographic name as entry element التجارة الدولية
650 17 - SUBJECT ADDED ENTRY--TOPICAL TERM
Topical term or geographic name as entry element الإتفاقيات
650 17 - SUBJECT ADDED ENTRY--TOPICAL TERM
Topical term or geographic name as entry element الجات
942 ## - ADDED ENTRY ELEMENTS (KOHA)
Source of classification or shelving scheme Dewey Decimal Classification
Koha item type كتب
المقتنيات
حالة السحب حالة الفقدان مصدر التصنيف حالة التلف غير قابل للإعارة المكتبة الرئيسية المكتبة الحالية موقع الرف تاريخ التزويد الرقم المتسلسل Total Checkouts رقم الإستدعاء تاريخ آخر ظهور تاريخ الفاتورة نوع المادة (كوها)
    Dewey Decimal Classification Unchecked   المكتبة المركزية المكتبة المركزية الإعارة 06/07/2004 616282   382.92/مؤت 28/07/2025 06/07/2004 كتب
Implemented & Customized by: BBB with SCIT (Smart Chains for Information Technology)

Powered by Koha